Loading...

MACRO ECONOMICS

Bibliographic Details
Main Author: CHANDRA GHOSH,AMBAR GHOSH
Format: Printed Book
Published: NEW DELHI PHI LEARNING PRIVATE LIMITED 2011
Edition:1ST
Subjects:
LEADER 00573nam a22001817a 4500
003 OSt
020 |a 9788120343061 
082 |a 339  |b CHA/MA 
100 |a CHANDRA GHOSH,AMBAR GHOSH 
245 |a MACRO ECONOMICS 
250 |a 1ST 
260 |a NEW DELHI  |b PHI LEARNING PRIVATE LIMITED  |c 2011 
300 |a 418 
650 |a NATIONAL INCOME ACCOUNTING 
700 |a CHANDRA GHOSH,AMBAR GHOSH 
942 |2 ddc  |c BK 
999 |c 189297  |d 189297 
952 |0 0  |1 0  |2 ddc  |4 0  |6 339_000000000000000_CHA_MA  |7 0  |9 195449  |a KAUCBV  |b KAUCBV  |d 2016-03-30  |g 0.00  |l 1  |o 339 CHA/MA  |r 2019-04-24  |s 2019-03-25  |w 2016-03-30  |y BK